00313pab a2200121 454500008004000000100001600040245006300056260000900119300001300128362001200141650001800153773002000171180718b2007 xxu||||| |||| 00| 0 eng d aNiraj Kumar aSocial change through Mahila Samakhya: process and outcome c2007 ap.28-41. aJul-Sep aSocial change aIASSI Quarterly